[Event "Orsha op-A 23rd"]
[Site "Orsha"]
[Date "2025.02.09"]
[Round "9"]
[White "Litvinov, Anton"]
[Black "Pogosian, Georgy"]
[Result "1/2-1/2"]
[WhiteElo "1997"]
[BlackElo "1942"]
[PlyCount "72"]
[EventDate "2025.02.03"]
[EventType "swiss"]
[EventRounds "9"]
[EventCountry "BLR"]
[SourceTitle "CB07_2025"]
[SourceDate "2025.02.12"]
[SourceVersion "1"]
[SourceVersionDate "2025.02.12"]
[SourceQuality "1"]

1. e4 e5 2. Nf3 Nf6 3. Nc3 Nc6 4. d4 exd4 5. Nxd4 Bb4 6. Nxc6 bxc6 7. Bd3 0-0 8. 0-0 d5 9. exd5 cxd5 10. Bg5 c6 11. Qf3 h6 12. Bxf6 Qxf6 13. Qxf6 gxf6 14. Ne2 Bd6 15. Nd4 c5 16. Nb5 Be5 17. f4 Bxb2 18. Rab1 a6 19. Rxb2 axb5 20. Bxb5 Rd8 21. a4 Ba6 22. Re1 Kf8 23. Kf2 d4 24. Rd1 Ke7 25. g3 Rdb8 26. Ke2 Bc8 27. Kd2 Rxa4 28. Bxa4 Rxb2 29. Bb3 Be6 30. Kc1 Rxb3 31. cxb3 Bxb3 32. Re1+ Kd6 33. Re8 c4 34. Kd2 Kd5 35. Rd8+ Ke4 36. Re8+ Kd5 1/2-1/2

[Event "Chigorin Memorial 31st"]
[Site "St Petersburg"]
[Date "2024.10.29"]
[Round "4"]
[White "Litvinov, Anton"]
[Black "Zakhartsov, Vladimir"]
[Result "1/2-1/2"]
[WhiteElo "1987"]
[BlackElo "2496"]
[PlyCount "104"]
[EventDate "2024.10.26"]
[EventType "swiss"]
[EventRounds "9"]
[EventCountry "RUS"]
[SourceTitle "CB45_2024"]
[Source "ChessBase"]
[SourceDate "2024.11.06"]
[SourceVersion "1"]
[SourceVersionDate "2024.11.06"]
[SourceQuality "1"]

1. e4 c5 2. g3 d5 3. exd5 Qxd5 4. Nf3 Nc6 5. d3 Qe6+ 6. Qe2 Qxe2+ 7. Bxe2 e5 8. Na3 f6 9. c3 Be6 10. Be3 0-0-0 11. 0-0 g5 12. Rfd1 b6 13. Nc2 Nge7 14. d4 g4 15. Ba6+ Kc7 16. Nh4 Nd5 17. dxc5 Nxe3 18. Nxe3 Bxc5 19. Bc4 Bxc4 20. Nxc4 b5 21. Ne3 Bxe3 22. fxe3 e4 23. Nf5 Ne5 24. Nd4 Kb6 25. a4 a6 26. axb5 axb5 27. Ra2 Ra8 28. Rda1 Rxa2 29. Rxa2 h5 30. Nf5 Rd8 31. Nd4 h4 32. gxh4 Rh8 33. b4 Rxh4 34. Ra8 Nf3+ 35. Kg2 Nxd4 36. cxd4 Rh3 37. Rg8 f5 38. Rg6+ Kc7 39. Rf6 Rf3 40. d5 Rxe3 41. d6+ Kc6 42. Rxf5 Rb3 43. Rc5+ Kxd6 44. Rxb5 e3 45. Kf1 Rb2 46. Rg5 Rxb4 47. Ke2 Re4 48. Rh5 Ke6 49. h3 gxh3 50. Rxh3 Ke5 51. Rxe3 Kd4 52. Rxe4+ Kxe4 1/2-1/2

[Event "Dzhubga Blitz op"]
[Site "Dzhubga"]
[Date "2023.08.13"]
[Round "11"]
[White "Glyants, Mark"]
[Black "Litvinov, Anton"]
[Result "0-1"]
[WhiteElo "1799"]
[BlackElo "1998"]
[PlyCount "70"]
[EventDate "2023.08.13"]
[EventType "swiss (blitz)"]
[EventRounds "13"]
[EventCountry "RUS"]
[SourceTitle "CBM 215 Extra"]
[Source "ChessBase"]
[SourceDate "2023.09.30"]
[SourceVersion "1"]
[SourceVersionDate "2023.09.30"]
[SourceQuality "1"]

1. d4 g6 2. Nf3 Bg7 3. g3 d5 4. Bg2 c6 5. 0-0 Nf6 6. c4 0-0 7. b3 Ne4 8. Bb2 Bf5 9. Nbd2 Nd7 10. Nh4 Nxd2 11. Qxd2 Be6 12. Rac1 Nf6 13. e3 Qd7 14. Rfd1 Rac8 15. cxd5 Bxd5 16. Nf3 Ne4 17. Qd3 Qf5 18. Ba3 Rfe8 19. Qe2 Bf6 20. Nd2 Nxd2 21. Rxd2 Bxg2 22. Kxg2 Qa5 23. Bb2 Qxa2 24. Qc4 Qa5 25. Bc3 Qd5+ 26. Qxd5 cxd5 27. Bb2 e6 28. Rdc2 Rxc2 29. Rxc2 Re7 30. Ba3 Rd7 31. Rc8+ Bd8 32. Bc5 b6 33. Ba3 f6 34. Kf3 Kf7 35. Ke2 Be7 0-1

[Event "Dzhubga Rapid op"]
[Site "Dzhubga"]
[Date "2023.08.11"]
[Round "4"]
[White "Litvinov, Anton"]
[Black "Kornienko, Konstantin"]
[Result "0-1"]
[WhiteElo "1998"]
[BlackElo "2022"]
[PlyCount "126"]
[EventDate "2023.08.10"]
[EventType "swiss (rapid)"]
[EventRounds "11"]
[EventCountry "RUS"]
[SourceTitle "CBM 215 Extra"]
[Source "ChessBase"]
[SourceDate "2023.09.30"]
[SourceVersion "1"]
[SourceVersionDate "2023.09.30"]
[SourceQuality "1"]

1. e4 c5 2. g3 g6 3. Bg2 Bg7 4. Ne2 d6 5. c3 e5 6. d4 cxd4 7. cxd4 exd4 8. Nxd4 Qb6 9. Nb3 Ne7 10. Nc3 Be6 11. 0-0 0-0 12. Be3 Qd8 13. e5 d5 14. f4 Nbc6 15. Nd4 Nxd4 16. Bxd4 a6 17. Qd2 Rc8 18. Rac1 Qd7 19. Rfd1 Bg4 20. Ne2 Rfe8 21. Rxc8 Rxc8 22. Rc1 Bxe2 23. Rxc8+ Qxc8 24. Qxe2 Nf5 25. Qd2 Bf8 26. Qc3 Qd8 27. Bh3 Nxd4 28. Qxd4 Qa5 29. Qc3 Qb6+ 30. Kf1 Qb5+ 31. Kf2 Bc5+ 32. Kf3 d4 33. Qb3 Qc6+ 34. Ke2 Qe4+ 35. Kd2 Qh1 36. Bd7 Qxh2+ 37. Kc1 Qg1+ 38. Kc2 Qf2+ 39. Kd3 Qxg3+ 40. Kc4 Qxb3+ 41. axb3 b6 42. b4 Bf8 43. Bc8 a5 44. bxa5 bxa5 45. Kxd4 Kg7 46. Ke4 Bb4 47. b3 Kf8 48. Ba6 Ke7 49. f5 Bd2 50. Bc4 h5 51. e6 g5 52. exf7 Bb4 53. Be2 g4 54. Kf4 Kf6 55. Bd1 Bd6+ 56. Ke4 Kxf7 57. Kd5 Bb8 58. Kc6 Kf6 59. Kb6 Kxf5 60. Kxa5 h4 61. Bc2+ Kf4 62. b4 g3 63. Bb3 g2 0-1

[Event "Cheliabinsk Lozovatsky Memorial-A"]
[Site "Cheliabinsk"]
[Date "2023.02.05"]
[Round "10"]
[White "Degenbaev, Aziz"]
[Black "Litvinov, Anton"]
[Result "1-0"]
[WhiteElo "2147"]
[BlackElo "2044"]
[PlyCount "63"]
[EventDate "2023.01.27"]
[EventType "swiss"]
[EventRounds "10"]
[EventCountry "RUS"]
[SourceTitle "CBM 212 Extra"]
[Source "ChessBase"]
[SourceDate "2023.03.31"]
[SourceVersion "1"]
[SourceVersionDate "2023.03.31"]
[SourceQuality "1"]

1. e4 e5 2. Nf3 d6 3. d4 exd4 4. Nxd4 Nf6 5. Nc3 Be7 6. Bf4 0-0 7. Qd2 Nc6 8. 0-0-0 Nxd4 9. Qxd4 a6 10. f3 b5 11. e5 dxe5 12. Qxe5 Bd6 13. Qd4 Bxf4+ 14. Qxf4 Qe7 15. Bd3 Be6 16. Rhe1 g6 17. g4 Rad8 18. Qh6 c5 19. g5 Nh5 20. Ne4 Rd4 21. c3 Ra4 22. a3 b4 23. Bc2 Ra5 24. Rd7 Bxd7 25. Nf6+ Qxf6 26. gxf6 Nxf6 27. Qg5 Kg7 28. cxb4 Rb5 29. bxc5 h6 30. Qg1 Rbb8 31. Re7 Be6 32. Qxg6+ 1-0

[Event "Cheliabinsk Lozovatsky Memorial-A"]
[Site "Cheliabinsk"]
[Date "2023.01.31"]
[Round "5"]
[White "Kurchenko, Egor"]
[Black "Litvinov, Anton"]
[Result "1-0"]
[WhiteElo "2123"]
[BlackElo "2044"]
[PlyCount "103"]
[EventDate "2023.01.27"]
[EventType "swiss"]
[EventRounds "10"]
[EventCountry "RUS"]
[SourceTitle "CBM 212 Extra"]
[Source "ChessBase"]
[SourceDate "2023.03.31"]
[SourceVersion "1"]
[SourceVersionDate "2023.03.31"]
[SourceQuality "1"]

1. e4 e5 2. Nf3 d6 3. d4 exd4 4. Nxd4 Nf6 5. Nc3 Be7 6. g3 0-0 7. Bg2 Re8 8. 0-0 h6 9. h3 c6 10. a4 a5 11. Re1 Na6 12. Bf4 Bf8 13. g4 Nc7 14. Bg3 d5 15. e5 Nh7 16. Qd3 h5 17. gxh5 Qg5 18. Qf3 Ne6 19. Nce2 Nc5 20. Nf4 Ne4 21. h4 Qg4 22. Qxg4 Bxg4 23. Bxe4 dxe4 24. Rxe4 Nf6 25. Ree1 Nxh5 26. Nxh5 Bxh5 27. Nb3 Rad8 28. Nxa5 Bb4 29. Nxb7 Rd7 30. Nd6 Rxd6 31. c3 Bxc3 32. bxc3 Rd7 33. Kg2 Bg6 34. a5 Ra7 35. Ra3 Rea8 36. Rea1 Bd3 37. f4 Ba6 38. Bf2 Rb7 39. Bb6 Rd7 40. Bd4 Rb8 41. Re1 Rd5 42. Bb6 Re8 43. Raa1 Re7 44. Rad1 Red7 45. Rd4 Kf8 46. f5 c5 47. Bxc5+ Ke8 48. e6 fxe6 49. fxe6 Rd8 50. e7 R8d7 51. Rf4 Rd2+ 52. Kg1 1-0